zpět

Detail výsledku týmu

SC Fidor, Opava

Datum a čas kvízu

13.5 Celkem bodů Celkový počet nahraných bodů na tomto kvízu bez doplňovacích otázek.
5. Pořadí na kvízu Konečné umístění týmu na tomto kvízu.

Zaznamenané odpovědi

# Otázka Odpověď Body Výsledky
1. Jeden z vysokých ústavních čin... Radek Vondráček 0
2. Norští archeologové našli v le... lyže 0
3. Známá hračkářská firma na zákl... Lego 0
4. Francouzský deník Le Figaro zv... mozzarella 0
5. Profesionální kariéru minulý t... Roman Kreuziger 0
6. Pokřín obecný je rostlina, kte... mandragora 0
7. Asa smrdutá je asijská rostlin... čertovo lejno 0
7. Túje, dřevina z rodu cypřišovi... zerav 0
9. Ledvinovník západní je tropick... oříšky kešu 0
10. Paznehtník je metr vysoká byli... akant 0